000 00406 a2200157 4500
001 151667
040 _cEscola São Tomás de Aquino
100 _aANDARAÍ, Vário do
240 1 0 _aA máquina de revelar destinos não cumprido
_lpor
245 1 0 _aA máquina de revelar destinos não cumprido
300 _a157
362 0 _a2009
440 1 _aDimensão
697 _a*LITERATURA JUVENIL
942 _cBK
999 _c151667
_d151667